000 01130nas a2200253Ia 4500
001 R042/67620
003 IT-RoPAU
008 151124c99999999xx |||||||||||| ||und||
040 _aIT-RoPAU
040 _cIT-RoPAU
041 _aFRANCESE
100 _aAlberoni Francesco
_gCodice Aut. SPICS: 10027
210 _aIKON-REVUE INTERNATIONAL DE FILMOLOGIE
222 _aIkon-Revue International De Filmologie
245 _aIKON-REVUE INTERNATIONALE DE FILMOLOGIE (N.040/041-1962)
_bElite Irresponsable (L')-Theorie Et Recherche Sociologique Sur Le Divismo
250 _a1a ed.
260 _aMILANO
_bISTITUTO AGOSTINO GEMELLI
_c1962
501 _bPaulus - SPICS - Società San Paolo EM (non-commercial uses only)
_cCopyright2015
300 _a23 p. [45-67]
362 _a(N.040/041-1962)
500 _aTeoria e Ricerca Sociologica Sul Divismo: Elite Irresponsabile. Condizionigenerali di Esistenza del Fenomeno. Divismo e Carisma. Divo Come Elite. Valutazione del Modo di Agire in Comunità. Atti in Seno Alla Comunità e della Comunità. Significato e Prospet
650 _aCINEMA
_vPUBBLICAZIONE PERIODICA
942 _cCR
999 _c187483
_d187483